| 000 | 00576cam a22002053a 4500 | ||
|---|---|---|---|
| 001 | 35786 | ||
| 003 | PGUSA | ||
| 005 | 20140828083754.0 | ||
| 008 | 110407s2011||||xxu|||||s|||||000 | eng d | ||
| 040 |
_aPGUSA _beng |
||
| 042 | _adc | ||
| 100 | 1 |
_aCaine, Hall, _cSir, _d1853-1931 |
|
| 245 | 1 | 0 |
_aShe's All the World to Me _h[electronic resource] / _cHall, Caine |
| 260 |
_bProject Gutenberg, _c2011 |
||
| 506 | _aPublic domain in the USA. | ||
| 516 | _aElectronic text | ||
| 830 | 0 |
_aProject Gutenberg _v35786 |
|
| 856 | 4 | 0 | _uhttp://www.gutenberg.org/ebooks/35786 |
| 942 | _cEB | ||
| 999 |
_c265041 _d265041 |
||